000 00393nam a2200169Ia 4500
005 20250603144432.0
008 250603s9999 xx 000 0 und d
020 _a978-1-59784-077-4
050 _aBP 76.2 .T75/
245 2 _aA tribute to the prophet Muhammad
260 _aNew Jersey
260 _bThe Light
260 _c2007
300 _a119 p
650 _aNew Jersey
942 _cBK
999 _c38913
_d38913